AVR Microcontroller And Embedded Systems (Record no. 338374)
[ view plain ]
| 000 -LEADER | |
|---|---|
| fixed length control field | 00510nam a2200169Ia 4500 |
| 008 - FIXED-LENGTH DATA ELEMENTS--GENERAL INFORMATION | |
| fixed length control field | 230718s9999 xx 000 0 und d |
| 020 ## - INTERNATIONAL STANDARD BOOK NUMBER | |
| International Standard Book Number | 9789332518407 |
| 041 ## - LANGUAGE CODE | |
| Language code of text/sound track or separate title | eng |
| 082 ## - DEWEY DECIMAL CLASSIFICATION NUMBER | |
| Classification number | 004.165 |
| Item number | MAZ |
| 100 ## - MAIN ENTRY--PERSONAL NAME | |
| Personal name | Mazidi M.A. |
| 245 ## - TITLE STATEMENT | |
| Title | AVR Microcontroller And Embedded Systems |
| Remainder of title | Using Assembly And C |
| 260 ## - PUBLICATION, DISTRIBUTION, ETC. (IMPRINT) | |
| Date of publication, distribution, etc. | 2015 |
| Name of publisher, distributor, etc. | Pearson |
| 300 ## - PHYSICAL DESCRIPTION | |
| Extent | 743 |
| Accompanying material [OBSOLETE, CAN/MARC] | Ref 872 I (49555) |
| 365 ## - TRADE PRICE | |
| Currency code | Rs. |
| Price amount | 775.00 |
| 700 ## - ADDED ENTRY--PERSONAL NAME | |
| Personal name | Mazidi M.A.; Naimi S. & Naimi S. |
| 906 ## - LOCAL DATA ELEMENT F, LDF (RLIN) | |
| d | O:0419124-Sep-2014B:656612-Sep-2014 |
| c | INST |
| b | 1046.25 |
| Withdrawn status | Lost status | Damaged status | Not for loan | Home library | Current library | Date acquired | Vendor | Budget Code | Cost, normal purchase price | Bill number | Total Checkouts | Full call number | Barcode | Date last seen | Discount | Cost, replacement price | Bill Date | Koha item type | Original Barcode |
|---|---|---|---|---|---|---|---|---|---|---|---|---|---|---|---|---|---|---|---|
| Cummins College of Engineering for Women Pune | Cummins College of Engineering for Women Pune | 24/09/2014 | Technical Book Services | INST | 426.25 | 6566 | 004.165 | CCEP-BK-49581 | 18/07/2023 | 1046.25 | 775.00 | 12/09/2014 | Books | 049581 |